00351pab a2200121 454500008004000000100001400040245009400054260000900148300001500157362000800172650002300180773002600203180718b2010 xxu||||| |||| 00| 0 eng d aArabi, U. aImplications of global financial and economic crisis on FDI flows: The Indian perspective c2010 ap.533-552. aDec aEconomic recession aAsian Economic Review